| 000 | 00500nam a22001577a 4500 | ||
|---|---|---|---|
| 999 |
_c7903 _d7903 |
||
| 003 | OSt | ||
| 005 | 20240529142208.0 | ||
| 008 | 240529b ||||| |||| 00| 0 eng d | ||
| 020 | _a9788409505500 | ||
| 040 |
_aCDMR _bcat _cCDMR |
||
| 245 |
_aLa Model 2017 _b: la presó barcelonesa en el seu final com a centre penitenciari _c/ Duaita Prats |
||
| 260 |
_a[Girona?] : _bl'autora, _c2023 |
||
| 300 |
_a201 pàgines ; _bfotografies |
||
| 650 | 0 |
_93095 _aFotografia documental _zCatalunya |
|
| 942 |
_2udc _cMON |
||